El resentimiento en la moral /

Gespeichert in:
Bibliographische Detailangaben
1. Verfasser: Scheler, Max (autor)
Weitere Verfasser: Gaos, José (traducción) (traducción)
Format: Buch
Sprache:Spanisch
Veröffentlicht: Buenos Aires, Argentina : Espasa-Calpe, 1938, c1938
Schriftenreihe:(Biblioteca Filosófica Espasa-Calpe)
Schlagworte:
Tags: Tag hinzufügen
Keine Tags, Fügen Sie das erste Tag hinzu!

MARC

LEADER 00000nam^a2200000^a^4500
001 000330687
005 20250521000000.0
008 130520 19381938
009 20260310114011.538
025 |a Donación Robles Martínez, 1 ejemplar 
037 |a Acervo ITESO - Biblioteca 
041 |a ESP 
082 |a 142. 7  |b SCH 
100 |a Scheler, Max  |e (autor) 
245 1 3 |a El resentimiento en la moral /  |c M. Scheler ; tr. por J. Gaos. 
264 4 |a Buenos Aires, Argentina :  |b Espasa-Calpe,  |c 1938, c1938 
300 |a 235 p. 
336 |a texto  |b txt  |2 rdacontenido 
337 |a sin mediación  |b n  |2 rdamedio 
338 |a volumen  |b nc  |2 rdasoporte 
440 1 |a (Biblioteca Filosófica Espasa-Calpe) 
649 |a XX 
650 |a Resentimiento -  |x Tema Principal 
650 |a Emoción 
650 |a Etica 
650 |a Fenomenología -  |x Tema Principal 
650 |a Cristianismo -  |x Filosofía 
650 |a Religión -  |x Filosofía 
650 |a Filosofía del Siglo XX 
700 |a Gaos, José  |e (traducción) 
910 |a Fondo Robles Martínez 
920 |a Impresos - Libros 
930 |a Fondos Especiales 
905 |a 123 
901 |a 0500220016  |b IT2  |c ESP  |i D  |u 20250521 
902 |a https://opac.biblio.iteso.mx/vufind/Record/000330687